000
00314nam a22001337a 4500
008
250107b |||||||| |||| 00| 0 eng d
020
_a
1-55166-817-3
050
_a
PS3561
_b
.K74
100
_a
Krentz Ann Jayne
245
_a
A Shared Dream
260
_a
Austratia
_b
Mira Books
_c
2001
300
_a
344p
942
_c
BK
999
_c
1885
_d
1885